000 01379cam a2200169 4500
001 5660
010 _a97032402
020 _a9780195647617
100 1 _aGandhi, Leela,
_d1966-
245 1 0 _aPostcolonial theory :
_ba critical introduction /
_cLeela Gandhi.
260 _aNew Delhi :
_bOxford University Press,
_cc1998, 1999.
300 _ax, 200 p. :
_bill. ;
_c22 cm.
504 _aIncludes bibliographical references (p. 177-188) and index.
505 0 _aAfter colonialism -- Thinking otherwise: a brief intellectual history -- Postcolonialism and the new humanities -- Edward Said and his critics -- Postcolonialism and feminism -- Immagining community: the question of nationalism -- One world: the vision of postnationalism -- Postcolonial literatures -- The limits of postcolonial theory.
520 _aPostcolonial Theory is a critical introduction to the burgeoning field of postcolonial studies. Leela Gandhi is the first to clearly map out this field in terms of its wider philosophical and intellectual context, drawing important connections between postcolonial theory and poststructuralism, postmodernism, marxism and feminism. She assesses the contribution of major theorists such as Edward Said, Gayatri Spivak and Homi Bhabha, and also points to postcolonialism's relationship to earlier thinkers such as Frantz Fanon and Mahatma Gandhi.
650 0 _aPostcolonialism.
999 _c4775
_d4775